[Event "Kobanya op"]
[Site "Kobanya"]
[Date "1996.??.??"]
[Round "4"]
[White "Varaljai, Istvan"]
[Black "Nagy, Mihaly"]
[Result "0-1"]
[WhiteElo "2195"]
[BlackElo "2025"]
[PlyCount "80"]
[EventDate "1996.??.??"]
[EventType "swiss"]
[EventRounds "9"]
[EventCountry "HUN"]
[SourceTitle "EXT 2004"]
[Source "ChessBase"]
[SourceDate "2003.11.25"]
[SourceVersion "1"]
[SourceVersionDate "2003.11.25"]
[SourceQuality "1"]

1. e4 c5 2. Nf3 e6 3. d4 cxd4 4. c3 dxc3 5. Nxc3 Nc6 6. Bc4 a6 7. a4 b6 8. 0-0 d6 9. Qe2 Be7 10. Rd1 Qc7 11. Bf4 Ne5 12. Bxe5 dxe5 13. Rac1 Qb8 14. Nb5 axb5 15. Bxb5+ Kf8 16. Qc4 g6 17. Qc6 Nf6 18. Nxe5 Bb7 19. Nd7+ Nxd7 20. Qxd7 Bc5 21. b4 Bc8 22. Qd2 Be7 23. Rc6 Kg7 24. Qd4+ e5 25. Qxb6 Qxb6 26. Rxb6 Bxb4 27. h3 Be6 28. Rc1 Rhc8 29. Rb1 Bc5 30. Rb7 Bd4 31. Kh2 Ba2 32. Rd1 Bb3 33. Rd3 Bxa4 34. Bxa4 Rxa4 35. Rd2 Rac4 36. Rb1 Rc2 37. Rxc2 Rxc2 38. f3 Be3 39. h4 Bf4+ 40. Kh3 Rc1 0-1

[Event "HUN-chT 9596"]
[Site "Hungary"]
[Date "1996.??.??"]
[Round "9"]
[White "Varaljai, Istvan"]
[Black "Puschmann, Laszlo"]
[Result "1-0"]
[WhiteElo "2225"]
[BlackElo "2340"]
[PlyCount "79"]
[EventDate "1995.??.??"]
[EventType "team"]
[EventRounds "13"]
[EventCountry "HUN"]
[SourceTitle "EXT 2000"]
[Source "ChessBase"]
[SourceDate "1999.11.16"]
[SourceVersion "1"]
[SourceVersionDate "1999.11.16"]
[SourceQuality "1"]

1. e4 c5 2. Nf3 Nc6 3. d4 cxd4 4. Nxd4 Nf6 5. Nc3 d6 6. Be2 e5 7. Nb3 Be7 8. 0-0 0-0 9. Be3 a5 10. Nd5 Nxe4 11. Bb6 Qd7 12. Nc7 Rb8 13. Nd5 Bd8 14. Qd3 Nf6 15. Nxf6+ Bxf6 16. Nxa5 Bd8 17. Nc4 d5 18. Bxd8 Qxd8 19. Na3 Be6 20. c3 f5 21. Rfd1 f4 22. Qb5 Qe7 23. Nc2 Rbd8 24. f3 Rf6 25. Kh1 Rh6 26. Bf1 Qc7 27. Nb4 Ne7 28. Rd2 Bf7 29. Rad1 Rb6 30. Qa5 h6 31. Bc4 Nc6 32. Qc5 Rxb4 33. Bxd5 Bxd5 34. Rxd5 Rxb2 35. Rxd8+ Kh7 36. R8d2 Rxd2 37. Rxd2 Qf7 38. Qd5 Qh5 39. Qe4+ Kg8 40. Rd7 1-0

[Event "Kobanya op"]
[Site "Kobanya"]
[Date "1996.??.??"]
[Round "8"]
[White "Varaljai, Istvan"]
[Black "Szemok, Istvan"]
[Result "1-0"]
[WhiteElo "2195"]
[BlackElo "2160"]
[PlyCount "41"]
[EventDate "1996.??.??"]
[EventType "swiss"]
[EventRounds "9"]
[EventCountry "HUN"]
[SourceTitle "EXT 2004"]
[Source "ChessBase"]
[SourceDate "2003.11.25"]
[SourceVersion "1"]
[SourceVersionDate "2003.11.25"]
[SourceQuality "1"]

1. e4 e5 2. Nf3 Nc6 3. Bc4 Bc5 4. b4 Bxb4 5. c3 Be7 6. d4 exd4 7. cxd4 d6 8. 0-0 Nf6 9. Re1 0-0 10. Nc3 Bg4 11. Bb2 a6 12. a4 Qd7 13. Re3 Rae8 14. e5 dxe5 15. dxe5 Qxd1+ 16. Rxd1 Nh5 17. Nd5 Bc5 18. Re4 Be6 19. g4 Bxd5 20. Bxd5 Nf6 21. exf6 1-0

[Event "HUN-chT 9697"]
[Site "Hungary"]
[Date "1996.??.??"]
[Round "2"]
[White "Varaljai, Istvan"]
[Black "Turzo, Attila"]
[Result "0-1"]
[WhiteElo "2230"]
[BlackElo "2360"]
[PlyCount "92"]
[EventDate "1996.??.??"]
[EventType "team"]
[EventRounds "12"]
[EventCountry "HUN"]
[SourceTitle "EXT 2006"]
[Source "ChessBase"]
[SourceDate "2005.11.24"]
[SourceVersion "1"]
[SourceVersionDate "2005.11.24"]
[SourceQuality "1"]
[WhiteTeam "Torekves"]
[BlackTeam "Miskolc"]
[WhiteTeamCountry "HUN"]
[BlackTeamCountry "HUN"]

1. e4 c5 2. Nf3 Nc6 3. d4 cxd4 4. c3 Nf6 5. e5 Nd5 6. Bc4 Nb6 7. Bb3 d5 8. cxd4 Bg4 9. Be3 e6 10. 0-0 Be7 11. Nbd2 Rc8 12. Qe2 Qd7 13. Rfc1 0-0 14. h3 Bf5 15. a3 Na5 16. Ba2 Rxc1+ 17. Rxc1 Rc8 18. Qf1 Rc6 19. b4 Bd3 20. Qe1 Nac4 21. Nxc4 dxc4 22. Qd2 Qc8 23. Bb1 Bxb1 24. Rxb1 Nd5 25. Bg5 Bf8 26. Qc2 b5 27. Nd2 a5 28. bxa5 Qa6 29. Ne4 Bxa3 30. Bd8 Rc8 31. Bg5 Bf8 32. Bc1 b4 33. Ng5 g6 34. Qe2 Nc3 35. Qf3 Rc7 36. Ra1 h6 37. Ne4 Nxe4 38. Qxe4 c3 39. Qh4 b3 40. Bxh6 b2 41. Re1 Be7 42. Bg5 Bxg5 43. Qxg5 Qc8 44. Kh2 c2 45. Re4 c1Q 46. Qf6 Qh6 0-1

[Event "HUN-chT 9596"]
[Site "Hungary"]
[Date "1995.??.??"]
[Round "6"]
[White "Abel, Lajos"]
[Black "Varaljai, Istvan"]
[Result "1-0"]
[WhiteElo "2235"]
[BlackElo "2225"]
[PlyCount "35"]
[EventDate "1995.??.??"]
[EventType "team"]
[EventRounds "13"]
[EventCountry "HUN"]
[SourceTitle "EXT 2000"]
[Source "ChessBase"]
[SourceDate "1999.11.16"]
[SourceVersion "1"]
[SourceVersionDate "1999.11.16"]
[SourceQuality "1"]

1. d4 Nf6 2. Nf3 e6 3. Bf4 d5 4. e3 Be7 5. Nbd2 Nbd7 6. Ne5 0-0 7. Bd3 c5 8. c3 c4 9. Bc2 Nxe5 10. dxe5 Nd7 11. Nf3 b5 12. a3 a5 13. h4 Ba6 14. Bxh7+ Kxh7 15. Ng5+ Bxg5 16. hxg5+ Kg8 17. Qh5 f6 18. g6 1-0

[Event "HUN-chT"]
[Site "Hungary"]
[Date "1995.??.??"]
[Round "?"]
[White "Sleisz, Tamas"]
[Black "Varaljai, Istvan"]
[Result "1/2-1/2"]
[WhiteElo "2285"]
[BlackElo "2225"]
[PlyCount "32"]
[EventDate "1995.??.??"]
[EventType "team"]
[EventRounds "13"]
[EventCountry "HUN"]
[SourceTitle "EXT 1997"]
[Source "ChessBase"]
[SourceDate "1996.11.15"]
[SourceVersion "1"]
[SourceVersionDate "1996.11.15"]
[SourceQuality "1"]

1. e4 c5 2. Nc3 d6 3. g3 Nc6 4. Bg2 Nf6 5. d3 g6 6. f4 Bg4 7. Nce2 Bg7 8. h3 Bxe2 9. Nxe2 0-0 10. Be3 Qb6 11. 0-0 Qxb2 12. Rb1 Qxa2 13. Rxb7 Qa6 14. Rb1 Rab8 15. Ra1 Qb6 16. c3 Nd7 1/2-1/2

[Event "HUN-chT 9596"]
[Site "Hungary"]
[Date "1995.??.??"]
[Round "6"]
[White "Varaljai, Istvan"]
[Black "Borocz, Istvan"]
[Result "0-1"]
[WhiteElo "2225"]
[BlackElo "2415"]
[PlyCount "80"]
[EventDate "1995.??.??"]
[EventType "team"]
[EventRounds "13"]
[EventCountry "HUN"]
[SourceTitle "EXT 2000"]
[Source "ChessBase"]
[SourceDate "1999.11.16"]
[SourceVersion "1"]
[SourceVersionDate "1999.11.16"]
[SourceQuality "1"]

1. e4 e5 2. Nf3 Nc6 3. d4 exd4 4. Nxd4 Bc5 5. Nb3 Bb6 6. Bc4 Ne5 7. Be2 Qh4 8. 0-0 Nf6 9. Qd2 Nxe4 10. Qf4 Qxf4 11. Bxf4 Ng6 12. Bg3 0-0 13. Bd3 Nxg3 14. hxg3 d5 15. N1d2 Ne5 16. Be2 Bf5 17. c4 dxc4 18. Nxc4 Nxc4 19. Bxc4 Rad8 20. Rad1 c6 21. Rxd8 Rxd8 22. Re1 Kf8 23. Re2 Rd1+ 24. Kh2 Bg4 25. Rc2 Bf5 26. Re2 Bg4 27. Rc2 Rd6 28. Kg1 Bd1 29. Rc3 Rf6 30. Re3 Bxe3 31. fxe3 Bxb3 32. axb3 Ke7 33. b4 Kd6 34. Bd3 b6 35. g4 h6 36. b3 a5 37. bxa5 bxa5 38. Be2 Kc5 39. g3 Kb4 40. Bd1 Rd6 0-1

[Event "HUN-chT 9394"]
[Site "Hungary"]
[Date "1994.??.??"]
[Round "?"]
[White "Albert, Kornelia"]
[Black "Varaljai, Istvan"]
[Result "1-0"]
[WhiteElo "2085"]
[BlackElo "2205"]
[PlyCount "73"]
[EventDate "1993.??.??"]
[EventType "team"]
[EventRounds "13"]
[EventCountry "HUN"]
[SourceTitle "TD"]
[Source "ChessBase"]
[SourceDate "1994.03.01"]
[SourceVersion "1"]
[SourceVersionDate "1994.03.01"]
[SourceQuality "1"]

1. e4 d6 2. d4 Nf6 3. Nc3 g6 4. f4 Bg7 5. Nf3 0-0 6. Bd3 Bg4 7. Be3 e5 8. h3 Bxf3 9. Qxf3 exd4 10. Bxd4 Nc6 11. Be3 Qe7 12. 0-0-0 a6 13. g4 Nb4 14. g5 Nh5 15. Nd5 Nxd5 16. exd5 Rae8 17. Rhe1 Qd7 18. f5 Be5 19. Qg4 Bg3 20. Bd4 Rxe1 21. Rxe1 Qa4 22. Rf1 Re8 23. fxg6 hxg6 24. Kb1 Qa5 25. Bc3 Qc5 26. Qd7 Rf8 27. Qe7 Qxd5 28. Bxg6 Ng7 29. Bh7+ Kxh7 30. Qxf8 Be5 31. Bxe5 Qxe5 32. h4 Qg3 33. Qxf7 Qxh4 34. g6+ Kh6 35. Qg8 Qe7 36. Rg1 Qe8 37. Qh7# 1-0

[Event "HUN-chT"]
[Site "Hungary"]
[Date "1993.??.??"]
[Round "?"]
[White "Csonkics, Tunde"]
[Black "Varaljai, Istvan"]
[Result "1/2-1/2"]
[WhiteElo "2325"]
[BlackElo "2205"]
[PlyCount "86"]
[EventDate "1993.??.??"]
[EventType "team"]
[EventRounds "13"]
[EventCountry "HUN"]
[SourceTitle "TD"]
[Source "ChessBase"]
[SourceDate "1994.03.01"]
[SourceVersion "1"]
[SourceVersionDate "1994.03.01"]
[SourceQuality "1"]

1. d4 f5 2. g3 Nf6 3. Bg2 e6 4. c4 d5 5. Nf3 c6 6. 0-0 Bd6 7. b3 0-0 8. Ba3 Bxa3 9. Nxa3 Nbd7 10. Qc1 Qe7 11. Qb2 b6 12. Rac1 Bb7 13. e3 Rac8 14. Rfd1 c5 15. Ne5 cxd4 16. exd4 Nxe5 17. dxe5 Ne4 18. f3 Qc5+ 19. Rd4 Ng5 20. b4 Qc7 21. f4 Ne4 22. Nb5 Qb8 23. Bxe4 dxe4 24. Rd6 Ba8 25. Qd4 e3 26. Rd7 Bc6 27. Nxa7 Bxd7 28. Qxd7 Rc7 29. Qxe6+ Kh8 30. Nb5 Qc8 31. Qd6 Rd7 32. Qxb6 Rd2 33. Qxe3 Rxa2 34. Qc5 Qa8 35. Qd5 Ra1 36. Qd1 Ra2 37. Qd5 Qe8 38. Nd6 Qh5 39. h4 h6 40. Qd1 Qg6 41. Qf3 Rfa8 42. h5 Qe6 43. Qd5 R8a3 1/2-1/2